La Constitució de l'Havana i altres escrits / Josep Conangla i Fontanilles ; edició a cura de Joaquim Roy
Descripción Física:
XXXII, 325 p. ; 19'5 cm
Otros Autores:
Roy, Joaquín, ed
Materias:
Nacionalisme -- Catalunya
MARC
| LEADER | 00000nam a2200000Ia 4500 | ||
|---|---|---|---|
| 001 | 2229 | ||
| 008 | 160829s1986 xx 000 0 cat d | ||
| 080 | |a M-2-236 | ||
| 100 | |a Conangla i Fontanilles, Josep |9 29198 | ||
| 245 | |a La Constitució de l'Havana i altres escrits / Josep Conangla i Fontanilles ; edició a cura de Joaquim Roy | ||
| 260 | |a Barcelona : |b La Magrana : |b Diputació de Barcelona, |c 1986 | ||
| 300 | |a XXXII, 325 p. ; |c 19'5 cm | ||
| 490 | |a Biblioteca dels clàssics del nacionalisme català ; 14 | ||
| 650 | 0 | |a Nacionalisme |z Catalunya |9 11008 | |
| 700 | |a Roy, Joaquín, ed. |9 29199 | ||
| 901 | |a Arxiu | ||
| 942 | |n 1 | ||
| 952 | |0 0 |1 0 |4 0 |6 M2236 |7 1 |9 45100 |a Arxiu |b Arxiu |d 2016-12-01 |l 0 |o M-2-236 |p 2229 |r 2016-12-01 00:00:00 |w 2016-12-01 |y ARXIU | ||
| 999 | |c 47720 |d 47720 | ||